Galería de la academia de venecia /
Guardado en:
| Autor Principal: | |
|---|---|
| Formato: | Libro |
| Publicado: |
Argentina :
Codex,
1969
|
| Materias: | |
| Etiquetas: |
Agregar Etiqueta
Sin Etiquetas, Sea el primero en etiquetar este registro!
|
| LEADER | 00865nam a22001935a 4500 | ||
|---|---|---|---|
| 001 | CEM.cems002883 | ||
| 005 | 19000101000000.0 | ||
| 008 | 130507s1969##################000#0#####d | ||
| 003 | CEMS | ||
| 082 | 0 | 4 | |a 708.0945 |
| 100 | 1 | |a Gibelli, Nicolás J. | |
| 245 | 1 | 0 | |a Galería de la academia de venecia / |c Nicolás J. Gibelli |
| 260 | |a Argentina : |b Codex, |c 1969 | ||
| 300 | |a 86 p. | ||
| 505 | 0 | |a Los or¡genes del arte.-Primitivas civilizaciones art¡stica.-Civilizaciones cl sicas del mediterr neo.-Primeras formas del arte cristiano.-Desarrollo del occidente.-El islam.-Civilizaci¢n art¡stica en la Europa del s. XV.-Renacimiento en Europa durante el s.XVI .-Epoca barroca.-Crisis del s. XIX.-Civilizaciones del Extremo Oriente.-Arte actual. | |
| 653 | |a Arte | ||
| 653 | |a Museos | ||
| 653 | |a Pintura | ||
| 859 | |a CEMS |b BIB. CEMS - 11 de abril |h 708.0945 |i G132 |p 6481.78 |t Ej.1 | ||
